Qui est ce personnage (manga) ? - Statistiques

Statistiques générales
  • Ce quiz a été pris 1 086 fois
    1 044 depuis la dernière actualisation
  • Le résultat moyen est 16 sur 21
Statistiques - réponses
Par images Réponse % Correct
Naruto
100%
Luffy
97%
Eren
94%
Kakashi
93%
Kirua
92%
Sacha
92%
Hisoka
90%
Livai
89%
Natsu
89%
Meliodas
88%
Goku
86%
Nezuko
79%
Boa hancock
71%
Hinata
71%
Anya
68%
Inosuke
62%
Ochaco
59%
Erza
58%
Norman
45%
Mustang
33%
Dazai
28%
Aucun quiz correspondant
Distribution des résultats
% des personnes avec chaque résultat
Percentile par nombre de réponses
Votre historique - résultats
Vous n’avez pas pris ce quiz depuis la dernière actualisation